The journey / (Record no. 131496)

MARC details
000 -LEADER
fixed length control field 00645nam a22002297a 4500
005 - DATE AND TIME OF LATEST TRANSACTION
control field 20170124110129.0
010 ## - LIBRARY OF CONGRESS CONTROL NUMBER
LC control number 180897
020 ## - INTERNATIONAL STANDARD BOOK NUMBER
Terms of availability 00.00
035 ## - SYSTEM CONTROL NUMBER
System control number 180897
037 ## - SOURCE OF ACQUISITION
Source of stock number/acquisition Cen Lib/Ret
040 ## - CATALOGING SOURCE
Original cataloging agency DPL
Language of cataloging EN
082 ## - DEWEY DECIMAL CLASSIFICATION NUMBER
Classification number S
Item number OSA
100 ## - MAIN ENTRY--PERSONAL NAME
Personal name Osaragi, Jiro
9 (RLIN) 31930
245 ## - TITLE STATEMENT
Title The journey /
Statement of responsibility, etc by Jirō Osaragi; translated by Ivan I Morris
260 ## - PUBLICATION, DISTRIBUTION, ETC. (IMPRINT)
Name of publisher, distributor, etc Secker and Warburg
Place of publication, distribution, etc London
Date of publication, distribution, etc 1961
270 ## - ADDRESS
City London
Address 7 John Street
300 ## - PHYSICAL DESCRIPTION
Extent 342p.
Dimensions 19cm(Hb)
650 ## - SUBJECT ADDED ENTRY--TOPICAL TERM
Topical term or geographic name as entry element Japanese fiction -- Translations into English
9 (RLIN) 31931
650 ## - SUBJECT ADDED ENTRY--TOPICAL TERM
Topical term or geographic name as entry element Japanese fiction
9 (RLIN) 31932
700 ## - ADDED ENTRY--PERSONAL NAME
Personal name Morris, Ivan I
9 (RLIN) 31933
942 ## - ADDED ENTRY ELEMENTS (KOHA)
Source of classification or shelving scheme Dewey Decimal Classification
Koha item type English Books
Classification part S
Call number suffix OSA
Holdings
Withdrawn status Lost status Damaged status Not for loan Home library Current library Date acquired Source of acquisition Cost, normal purchase price Total Checkouts Full call number Barcode Date last seen Copy number Cost, replacement price Price effective from Koha item type Public note
Written off       Central Library Central Library 15/07/2015 Cen Lib/Ret 0.00   S OSA 180897 15/07/2015 1 0.00 15/07/2015 English Books W/d List No. 6854/2 ; dtd 25/07/2020

© Delhi Public Library
Hit Counter
free hit counter